| 000 | 00713nam a22002297a 4500 | ||
|---|---|---|---|
| 005 | 20170124105942.0 | ||
| 010 | _aA-779590 | ||
| 020 |
_c00.00 _a8124200629 |
||
| 035 | _aA-779590 | ||
| 037 | _bCen Lib/Ret | ||
| 040 |
_aDPL _bEN |
||
| 082 |
_a308.88 _bGRE |
||
| 245 |
_aThe great thoughts of oscar wilde / _cedited by Alvin Redman |
||
| 260 | h |
_aNew Delhi _bCrest Publishing House _c1995 |
|
| 270 |
_bNew Delhi _ag-2, 16, ansari road, dariya ganj _e110002 |
||
| 300 |
_a240p. _c21cm(Hb) |
||
| 500 | _aIncludes bibliographical references | ||
| 650 |
_aLectures _y _911487 |
||
| 650 |
_aThoughts _xWidle _911488 |
||
| 700 |
_aRedman, Alvin _911489 |
||
| 942 |
_2ddc _cEN _h308.88 _mGRE |
||
| 999 |
_c124647 _d124647 |
||